رسائل ابن حزم الأندلسي / (Record no. 7276)
[ view plain ]
| 000 -الفاتح | |
|---|---|
| حقل البيانات ثابتة الطول | 02544cam a22003255i 4500 |
| 003 - محدد رقم الضبط | |
| رقم الضبط | EG-ScBUE |
| 005 - وقت وتاريخ اخر تعامل مع التسجيلة | |
| رقم الضبط | 20200119150450.0 |
| 008 - عناصر البيانات ثابتة الطول - معلومات عامة | |
| حقل البيانات ثابتة الطول | 080819s1987 le g b 00010i ara d |
| 040 ## - مصدر الفهرسة | |
| وكالة الفهرسة الأصلية | EG-ScBUE |
| لغة الفهرسة | ara |
| قواعد الوصف | rda |
| وكالة النسخ | EG-ScBUE |
| وكالة التعديل | EG-ScBUE |
| 082 04 - رقم تصنيف ديوى العشرى | |
| رقم التصنيف | 892.7634 |
| رقم المادة | ح ز م |
| رقم الطبعة | 22 |
| 100 1# - المدخل الرئيسى - إسم شخصى | |
| الإسم الشخصى | ابن حزم ، علي بن أحمد، |
| التواريخ المصاحبة للاسم | 994-1064، |
| الدور | مؤلف. |
| 245 10 - بيان العنوان | |
| العنوان | رسائل ابن حزم الأندلسي / |
| بيان المسئوليه,etc | تحقيق إحسان عباس. |
| 250 ## - بيان الطبعة | |
| بيان الطبعة | الطبعة الثانية. |
| 264 #1 - النشر، التوزيع | |
| مكان الناشر او الموزع | بيروت : |
| اسم الناشر او الموزع | المؤسسة العربية للدراسات والنشر، |
| تاريخ النشر أو التوزيع | 1987. |
| 300 ## - الوصف المادى | |
| التعداد | 4 أجزاء في 2 مجلد ؛ |
| أبعاد الوعاء | 24 سم |
| 336 ## - نوع المحتوى | |
| Carrier Type Term | نص |
| Content Type Code | txt |
| source | rdacontent |
| 337 ## - نوع الوسيط | |
| Media Type Term | بدون وسيط |
| Media Type Code | n |
| source | rdamedia |
| 338 ## - نوع الحامل أو الناقل | |
| Carrier Type Term | مجلد |
| Carrier Type Code | nc |
| source | rdacarrier |
| 504 ## - تبصرة ببليوجرافية | |
| تبصرة ببليوجرافية,الخ | يشتمل على إرجاعات ببليوجرافية وكشاف. |
| 505 0# - تبصرة محتويات-الفهرس | |
| تبصرة المحتويات المصاغة | الجزء 1. طوق الحمامة في الألفة والألاف - رسالة في مداواة النفوس - رسالة في الغناء الملهي - فصل في معرفة النفس بغيرها -- الجزء 2. رسالة نقط العروس في تواريخ الخلفاء - رسالة في أمهات الخلفاء - رسالة في جمل فتوح الإسلام - رسالة في أسماء الخلفاء - رسالة في فضل الأندلس وذكر رجالها -- الجزء 3. رسالة في الرد على ابن النغريلة اليهودي - رسالتان أجاب فيهما عن رسالتين سئل فيهما سؤال تعنيف - رسالة في الرد على الهاتف من بعد - رسالة التوقيف على شارع النجاة - رسالة التلخيص لوجوه التخليص - رسالة البيان عن حقيقة الإيمان - رسالة في الإمامة - رسالة في حكم من قال إن أرواح أهل الشقاء معذبة إلى يوم الدين -- الجزء 4. رسالة مراتب العلوم - التقريب لحد المنطق - رسالة في ألم الموت وإبطاله - الرد على الكندي الفيلسوف - تفسير ألفاظ تجزي بين المتكلمين في الأصول. |
| 590 ## - تبصرة محلية(RLIN) | |
| تبصرة محلية | basantemad |
| 600 17 - المدخل الاضافى بالموضوع-اسم شخصى | |
| الإسم الشخصى | ابن حزم ، علي بن أحمد، |
| التواريخ المصاحبة للاسم | 994-1064. |
| 650 #7 - المدخل الاضافى بالموضوع-مصطلح موضوعى | |
| مصطلح موضوعي أو اسم جغرافي كعنصر مدخل | الرسائل العربية. |
| مصدر الرأس أو المصطلح | BUEsh |
| 650 #7 - المدخل الاضافى بالموضوع-مصطلح موضوعى | |
| مصطلح موضوعي أو اسم جغرافي كعنصر مدخل | الفقه الإسلامي. |
| مصدر الرأس أو المصطلح | BUEsh |
| 650 #7 - المدخل الاضافى بالموضوع-مصطلح موضوعى | |
| مصطلح موضوعي أو اسم جغرافي كعنصر مدخل | الفلسفة الإسلامية. |
| مصدر الرأس أو المصطلح | BUEsh |
| 651 ## - المدخل الاضافى بالموضوع - اسم جغرافى | |
| مصدر الرأس أو المصطلح | BUEsh |
| 653 ## - مصطلح تكشيفى غير مقيد | |
| Resource For college | Arabic Literature |
| -- | Generalities |
| 700 1# - المدخل الاضافى - اسم شخصى | |
| الإسم الشخصى | عباس، إحسان، |
| الدور | محقق. |
| 942 ## - عناصر المدخل الإضافي( كوها) | |
| Koha [default] item type | Book - Borrowing |
| مصدر التصنيف او مخطط الترفيف | Dewey Decimal Classification |
| حالة التراجع | حالة الفقد | مصدر التصنيف او خطة الترفيف | حالة تلف | ليس للاعارة | مجموعات كوها | المكان الدائم | المكان الحالي | موقع الترفيف | تاريخ الاكتساب | Source of acquisition | رقم الاستدعاء | الباركود | Date last seen | نوع الوعاء | تبصرة عامة | مُعار |
|---|---|---|---|---|---|---|---|---|---|---|---|---|---|---|---|---|
| Dewey Decimal Classification | Alef-Baa | Central Library | Central Library | Second Floor | 08/01/2017 | 892.7634 ح ز م | 000008846 | 15/07/2025 | Book - Borrowing | 1-2 | ||||||
| Dewey Decimal Classification | Alef-Baa | Central Library | Central Library | Second Floor | 20/08/2008 | 892.7634 ح ز م | 000008899 | 24/08/2022 | Book - Borrowing | 3-4 | 01/12/2021 |